| 000 | 00487pam a2200193 a 4500 | ||
|---|---|---|---|
| 020 | _c | ||
| 040 | _aMedical College Lib. | ||
| 041 |
_aENG _hENG |
||
| 082 |
_a616.861 _bROS |
||
| 100 | _aRosalki, S. B. . | ||
| 245 |
_aClinical Biochemistry / _c _hTextual Documents |
||
| 260 |
_a : _bChurchill , _c1984. |
||
| 300 |
_a305: _c |
||
| 365 | _a1050=00 | ||
| 653 |
_aBiochemistry _aMedical Science |
||
| 930 | _a3581 | ||
| 999 |
_c3580 _d3580 |
||